| 000 | 00614nam a22002171 4500 | ||
|---|---|---|---|
| 001 | bimo0001174834 | ||
| 003 | OSt | ||
| 005 | 20160411114107.0 | ||
| 008 | 930725s1975 sp spa | ||
| 020 | _a84-239-0166-1 | ||
| 040 | _cBMC | ||
| 082 | _a923.946 | ||
| 100 | 2 | 0 |
_aMéndez Pereira, Octavio _d1887-1954 _9134 |
| 245 | 1 | 0 |
_aNúñez de Balboa _b: El tesoro del Dabaibe _cOctavio Mèndez Pereira |
| 250 | _a7ª ed | ||
| 260 | 0 |
_aMadrid _bEspasa-Calpe _c1975 |
|
| 300 |
_a142 p. _c18 cm |
||
| 490 | 0 |
_aAustral _v166 |
|
| 600 |
_9250 _aNúñez de Balboa, Vasco _d1475-1517 |
||
| 942 |
_2ddc _cBK _hprozim |
||
| 999 |
_c135 _d135 |
||